Statystyki dla Quiz o Nigerii

Kliknij tutaj aby rozwiązać quiz!

Ogólne statystyki

  • Ten quiz został rozwiązany 1 360 razy
    (1 353 od ostatniego zresetowania)
  • Średni wynik to 8 z 18

Statystyki odpowiedzi

WskazówkaOdpowiedź% Poprawnych
Państwa graniczące z NigeriąNiger
96%
Język urzędowyAngielski
79%
Państwa graniczące z NigeriąCzad
78%
Państwa graniczące z NigeriąKamerun
77%
Państwa graniczące z NigeriąBenin
76%
Najbardziej zaludnione miastoLagos
75%
StolicaAbudża
69%
Dwie trzecie dochodów państwa
pochodzi z wydobycia tego
Ropa naftowa
55%
Nigeria leży nad tą zatokąZatoka {Gwinejska}
52%
Umowna nazwa nigeryjskiego
przemysłu filmowego
{Nolly}wood
33%
Drugie najbardziej zaludnione miastoKano
28%
Grupa terrorystyczna, której nazwa oznacza
"Zachodnia edukacja jest zabroniona"
{Boko} Haram
27%
Pseudonim męskiej drużyny piłkarskiej
(złoci medaliści olimpijscy z 1996 r.)
Super {Orły}
22%
Największe grupy etniczneJoruba
16%
Największe grupy etniczneHausa
15%
Styl muzyczny spopularyzowany
przez Fela Kuti
Afro{beat}
13%
Największe grupy etniczneIbo
13%
Nigeria jest wiodącym producentem
tej jadalnej bulwy na świecie
Pochrzyn
9%

Rozkład punktacji

Percentyl według liczby udzielonych odpowiedzi

Procent ludzi z każdym wynikiem

Twoja historia wyników

Nie rozwiązałeś tego quizu od ostatniego zresetowania